000 00349 a2200121 4500
001 ART_52745
005 20260410162046.0
008 260409a
245 1 0 _aTratamiento impositivo del leasing y sale & lease back
100 1 _aStok, Leandro
700 1 _aGanen, Hernán
773 0 _tImpuestos
_g- N°100 (mayo 2021)
_wREV45175
999 _c35394
_d35394